Największe miasta w Belgii - Statystyki

Ogólne statystyki
  • Ten quiz został rozwiązany 180 razy
  • Średni wynik to 6 z 15
Statystyki odpowiedzi
LP Liczba ludności Miasta % Poprawnych
5. 177.800 Bruksela
100%
1. 523.200 Antwerpia
95%
8. 118.300 Brugia
82%
4. 197.400 Liege
76%
2. 260.300 Gandawa
74%
3. 201.800 Charleroi
50%
9. 110.900 Namur
32%
7. 118.400 Anderlecht
30%
10. 101.400 Leuven
30%
14. 86.300 Mechelen
27%
12. 95.300 Mons
23%
15. 85.700 Aalst
9%
6. 133.300 Schaerbeek
7%
13. 86.500 Elsene / Ixelles
2%
11. 97.000 Sint-Jans-Molenbeek / Molenbeek-Saint-Jean
2%
Nie znaleziono quizów pasujących do podanych kryteriów
Rozkład punktacji
Procent ludzi z każdym wynikiem
Percentyl według liczby udzielonych odpowiedzi
Twoja historia wyników
Nie rozwiązałeś tego quizu